Togo : Staff Report for 2013 Article IV Consultation.

This Debt Sustainability Analysis update highlights Togo's continued moderate risk of debt distress. After full Heavily Indebted Poor Countries (HIPC) assistance, Multilateral Debt Relief Initiative, and beyond HIPC assistance, Togo's external and public debt indicators improved significan...

সম্পূর্ণ বিবরণ

গ্রন্থ-পঞ্জীর বিবরন
সংস্থা লেখক: International Monetary Fund. African Dept
বিন্যাস: পত্রিকা
ভাষা:English
প্রকাশিত: Washington, D.C. : International Monetary Fund, 2014.
মালা:IMF Staff Country Reports; Country Report ; No. 2014/038
অনলাইন ব্যবহার করুন:Full text available on IMF
LEADER 01911cas a2200241 a 4500
001 AALejournalIMF014203
008 230101c9999 xx r poo 0 0eng d
020 |c 5.00 USD 
020 |z 9781475574975 
022 |a 1934-7685 
040 |a BD-DhAAL  |c BD-DhAAL 
110 2 |a International Monetary Fund.  |b African Dept. 
245 1 0 |a Togo :   |b Staff Report for 2013 Article IV Consultation. 
264 1 |a Washington, D.C. :  |b International Monetary Fund,  |c 2014. 
300 |a 1 online resource (80 pages) 
490 1 |a IMF Staff Country Reports 
500 |a <strong>Off-Campus Access:</strong> No User ID or Password Required 
500 |a <strong>On-Campus Access:</strong> No User ID or Password Required 
506 |a Electronic access restricted to authorized BRAC University faculty, staff and students 
520 3 |a This Debt Sustainability Analysis update highlights Togo's continued moderate risk of debt distress. After full Heavily Indebted Poor Countries (HIPC) assistance, Multilateral Debt Relief Initiative, and beyond HIPC assistance, Togo's external and public debt indicators improved significantly in 2010/11 and remained stable under the previous Extended Credit Facility-supported program. In 2012, Togo contracted significant external debt. Although debt indicators are projected to remain below the policy-relevant indicative thresholds in the 20-year period under the baseline scenario, Togo remains vulnerable to certain shocks and could breach the policy-relevant thresholds for the present value (PV) of debt to GDP, PV of debt to exports, PV of debt to revenue, and debt-service-to-revenue ratios under some alternative scenarios in the outer years. 
538 |a Mode of access: Internet 
830 0 |a IMF Staff Country Reports; Country Report ;  |v No. 2014/038 
856 4 0 |z Full text available on IMF  |u http://elibrary.imf.org/view/journals/002/2014/038/002.2014.issue-038-en.xml  |z IMF e-Library